000 00251nam a22000977a 4500
008 180801b xxu||||| |||| 00| 0 eng d
082 _a813.52
245 _aType 1 Diabetes in Children a passport to knowledge
_cSavy
300 _a1
_fCD
942 _2ddc
_cMX
999 _c46700
_d46700